000
00202 a2200097 4500
001
19836
100
_a
Moonman E
245
_a
British computers
260
_a
_b
Allen & Unwin
_c
090
_c
14460
_d
14460
942
_a
NUST-CAE
_c
M
_c
4959
999
_c
254909
_d
254909